000
00286nam a2200109Ia 4500
008
200302s9999 xx 000 0 und d
100
_a
G. D. kunders
245
_a
Hospitals Planning Design and Management
260
_b
Tata Mcgraw-Hill Publishing Co.
260
_c
1998
300
_a
424 P.,
999
_c
5477
_d
5477